[Event "V Open B Carnevale"]
[Site "Milano ITA"]
[Date "2014.03.05"]
[Round "1"]
[White "Iacchetti, Giovanni"]
[Black "Cagnotto, Marco"]
[WhiteElo "1744"]
[BlackElo "1553"]
[Result "1/2-1/2"]
[PlyCount "44"]
[EventDate "2014.03.05"]

1. c4 Nf6 2. Nc3 g6 3. g3 d6 4. Bg2 c5 5. Nf3 Nc6 6. O-O Bg7 7. d3 O-O 8. Rb1
a5 9. Bg5 Bg4 10. h3 Bf5 11. g4 Bd7 12. Qd2 Qc7 13. Bh6 Rad8 14. Bxg7 Kxg7 15.
a3 h6 16. Nb5 Qc8 17. Rfc1 Be6 18. Qc3 Kg8 19. Nd2 Qd7 20. d4 cxd4 21. Nxd4
Nxd4 22. Qxd4 Rc8 1/2-1/2

[Event "V Open B Carnevale"]
[Site "Milano ITA"]
[Date "2014.03.05"]
[Round "1"]
[White "Longo, Giovanni"]
[Black "Frignani, Alessandro"]
[WhiteElo "1660"]
[BlackElo "1410"]
[Result "1-0"]
[PlyCount "81"]
[EventDate "2014.03.05"]

1. e4 e5 2. Nf3 Qf6 3. Bc4 Bc5 4. d3 h6 5. Nc3 Ne7 6. Nd5 Nxd5 7. Bxd5 Nc6 8.
a3 Nd4 9. Nxd4 Bxd4 10. O-O d6 11. a4 Qg6 12. c3 Bh3 13. Qf3 Bg4 14. Qg3 Be2
15. Qxg6 fxg6 16. cxd4 Bxf1 17. Kxf1 c6 18. Be6 Ke7 19. d5 Raf8 20. Be3 c5 21.
a5 Rb8 22. b4 b6 23. axb6 axb6 24. bxc5 dxc5 25. Ra7+ Kf8 26. Rf7+ Kg8 27. Rf5+
Kh7 28. Rxe5 Rhe8 29. Bf4 b5 30. Bd7 Rf8 31. Be3 Rf7 32. Bc6 c4 33. dxc4 bxc4
34. Bd4 Rb3 35. d6 Rf6 36. Re7 c3 37. Bxf6 c2 38. Rxg7+ Kh8 39. Re7+ Kg8 40.
Bd5+ Kf8 41. Bg7# 1-0

[Event "V Open B Carnevale"]
[Site "Milano ITA"]
[Date "2014.03.05"]
[Round "1"]
[White "Nassiri, Shair"]
[Black "Bianchi, Paolo"]
[WhiteElo "1512"]
[BlackElo "1691"]
[Result "1-0"]
[PlyCount "65"]
[EventDate "2014.03.05"]

1. d4 Nf6 2. c4 g6 3. Nc3 d5 4. cxd5 Nxd5 5. e4 Nxc3 6. bxc3 Bg7 7. Nf3 O-O 8.
Be2 c5 9. O-O cxd4 10. cxd4 Nc6 11. Be3 Bg4 12. e5 e6 13. Rb1 b6 14. Qa4 Ne7
15. Bg5 f6 16. exf6 Bxf6 17. Bxf6 Rxf6 18. h3 Bxf3 19. Bxf3 Rxf3 20. gxf3 Nf5
21. d5 exd5 22. Rfd1 d4 23. Rbc1 Qg5+ 24. Kf1 Qh5 25. Ke2 Nh4 26. Qc4+ Kf8 27.
Qb4+ Kg8 28. Qb3+ Kg7 29. Rc7+ Kh6 30. Qf7 Qe5+ 31. Kf1 Re8 32. Qxh7+ Kg5 33.
f4+ 1-0

[Event "V Open B Carnevale"]
[Site "Milano ITA"]
[Date "2014.03.05"]
[Round "1"]
[White "Olmo Fernandez, Angel"]
[Black "Pollio, Ciro"]
[WhiteElo "1587"]
[BlackElo "1758"]
[Result "1-0"]
[PlyCount "73"]
[EventDate "2014.03.05"]

1. e4 c5 2. Nf3 a6 3. c4 Nc6 4. d4 cxd4 5. Nxd4 Qb6 6. Nb3 e6 7. Be3 Bb4+ 8.
N1d2 Qc7 9. a3 Be7 10. f4 d6 11. Be2 Bh4+ 12. g3 Bf6 13. Rb1 g6 14. O-O Bg7 15.
Bf3 Nge7 16. Qe2 O-O 17. Qf2 f5 18. Rfd1 b5 19. cxb5 axb5 20. Rdc1 Qd7 21. exf5
exf5 22. Nd4 Bxd4 23. Bxd4 Bb7 24. Bc3 d5 25. Nb3 Bc8 26. Nd4 Rb8 27. Qd2 Rd8
28. b4 Ba6 29. Ba1 Ra8 30. Kg2 Rac8 31. Rc5 Rb8 32. Rbc1 Rb6 33. Qd3 Bb7 34.
Nxc6 Nxc6 35. Bxd5+ Kf8 36. Qc3 Ke8 37. Re1+ 1-0

[Event "V Open B Carnevale"]
[Site "Milano ITA"]
[Date "2014.03.05"]
[Round "1"]
[White "Poletto, Daniele"]
[Black "Lavorgna, Francesco"]
[WhiteElo "1758"]
[BlackElo "1591"]
[Result "1/2-1/2"]
[PlyCount "78"]
[EventDate "2014.03.05"]

1. c4 Nc6 2. Nc3 e5 3. g3 Nf6 4. Bg2 Bc5 5. e3 O-O 6. Nge2 Re8 7. O-O e4 8. a3
a5 9. Qc2 Qe7 10. b3 d6 11. d3 exd3 12. Qxd3 Ne5 13. Qc2 c6 14. h3 Bd7 15. Bb2
Rac8 16. Kh2 d5 17. cxd5 cxd5 18. Qd1 Bc6 19. Nxd5 Bxd5 20. Bxd5 Red8 21. Nc3
b5 22. f4 Ng6 23. e4 b4 24. axb4 axb4 25. Na4 Nxe4 26. Nxc5 Rxc5 27. Qd4 Rc2+
28. Kg1 Qc5 29. Ra8 Rxa8 30. Bxa8 Rxb2 31. Qxc5 Nxc5 32. f5 Ne5 33. Rc1 Ned3
34. Rc4 h6 35. Rd4 Kh7 36. Bd5 f6 37. Bf7 h5 38. Bg6+ Kh6 39. Rh4 Rb1+ 1/2-1/2

[Event "V Open B Carnevale"]
[Site "Milano ITA"]
[Date "2014.03.05"]
[Round "1"]
[White "Reforgiato, Antonio"]
[Black "Quagliarella, Sabino Remo"]
[WhiteElo "1640"]
[BlackElo "1863"]
[Result "1/2-1/2"]
[PlyCount "92"]
[EventDate "2014.03.05"]

1. d4 Nf6 2. c4 g6 3. Nc3 Bg7 4. e4 d6 5. f3 O-O 6. Be3 Nbd7 7. Qd2 e5 8. d5
Nh5 9. g4 Nf4 10. Nge2 g5 11. O-O-O a6 12. h4 h6 13. Ng3 Nf6 14. hxg5 hxg5 15.
Nh5 N6xh5 16. gxh5 Qf6 17. Ne2 Qh6 18. Nxf4 exf4 19. Bd4 f5 20. Bxg7 Kxg7 21.
Bd3 fxe4 22. Bxe4 Bf5 23. Qd4+ Kg8 24. Rdg1 Bxe4 25. Qxe4 Rae8 26. Qg6+ Qxg6
27. hxg6 Re5 28. Rh7 c6 29. Rxb7 cxd5 30. cxd5 Rf6 31. Ra7 Rxg6 32. Rxa6 Rxd5
33. a4 Rd3 34. Rf1 Re6 35. Rg1 Re5 36. Kc2 Rxf3 37. Rxd6 Kf7 38. b4 Rf2+ 39.
Rd2 Rxd2+ 40. Kxd2 Kf6 41. a5 f3 42. a6 Re2+ 43. Kd3 Ra2 44. Ke3 Rxa6 45. Kxf3
Ra3+ 46. Kg4 Rb3 1/2-1/2

[Event "V Open B Carnevale"]
[Site "Milano ITA"]
[Date "2014.03.05"]
[Round "1"]
[White "Vignati, Andrea"]
[Black "Lavorgna, Filippo"]
[WhiteElo "1513"]
[BlackElo "1735"]
[Result "0-1"]
[PlyCount "104"]
[EventDate "2014.03.05"]

1. e4 c6 2. d4 d5 3. Nc3 dxe4 4. Nxe4 Bf5 5. Ng3 Bg6 6. Nf3 Nf6 7. Bg5 Nbd7 8.
Be2 h6 9. Be3 e6 10. O-O Bd6 11. Qd2 Nd5 12. c4 Nxe3 13. Qxe3 O-O 14. Bd3 Bxd3
15. Qxd3 Nf6 16. Rad1 Qc7 17. Qc3 Rfd8 18. Rfe1 c5 19. dxc5 Qxc5 20. b3 Qb6 21.
Qc2 a5 22. Rd3 Bc5 23. Red1 Rac8 24. Rxd8+ Rxd8 25. Rxd8+ Qxd8 26. Kf1 Qd6 27.
Ne4 Nxe4 28. Qxe4 Qd1+ 29. Qe1 Qxe1+ 30. Kxe1 f6 31. Nd2 Kf7 32. f3 e5 33. Ke2
Ke6 34. Kd3 h5 35. Ne4 Bb4 36. Nc3 Bxc3 37. Kxc3 h4 38. a3 f5 39. Kd3 Kd6 40.
b4 axb4 41. axb4 Ke6 42. Ke3 b6 43. f4 exf4+ 44. Kxf4 Kf6 45. c5 bxc5 46. bxc5
g5+ 47. Kf3 Ke5 48. Ke3 f4+ 49. Kf3 Ke6 50. c6 Kd6 51. Ke4 Kxc6 52. Kf5 h3 0-1

[Event "V Open B Carnevale"]
[Site "Milano ITA"]
[Date "2014.03.05"]
[Round "1"]
[White "Vittadini, Attilio"]
[Black "Vece, Luigi"]
[WhiteElo "1838"]
[BlackElo "1608"]
[Result "0-1"]
[PlyCount "98"]
[EventDate "2014.03.05"]

1. e4 c5 2. Nf3 Nc6 3. d4 cxd4 4. Nxd4 e5 5. Nb5 d6 6. N1c3 a6 7. Na3 b5 8. Nd5
Nf6 9. Bg5 Be7 10. Bxf6 Bxf6 11. Nxf6+ Qxf6 12. c3 O-O 13. Nc2 Bb7 14. g3 Ne7
15. Bg2 Rfd8 16. Ne3 Qg6 17. Nd5 Bxd5 18. exd5 f5 19. O-O Qf7 20. Qd2 Rac8 21.
Rfd1 Rc5 22. b4 Rc7 23. a4 Rdc8 24. axb5 axb5 25. Rac1 Qf6 26. Rc2 e4 27. Rdc1
Qe5 28. Bf1 Kf8 29. Bxb5 Qxd5 30. c4 Qxd2 31. Rxd2 d5 32. Ba6 Rb8 33. Rb2 Rb6
34. b5 Rc5 35. Rd2 Kf7 36. Kg2 Ke6 37. Rdc2 d4 38. Rd2 d3 39. f4 Rd6 40. Kf2
Rb6 41. Ke3 Kd6 42. Rcd1 Nc6 43. Bc8 Ne7 44. Bxf5 Nxf5+ 45. Kxe4 Ke6 46. Kxd3
Rd6+ 47. Kc3 Rxd2 48. Rxd2 Nd6 49. Rd4 Nxb5+ 0-1

[Event "V Open B Carnevale"]
[Site "Milano ITA"]
[Date "2014.03.06"]
[Round "2"]
[White "Aloe, Giancarlo"]
[Black "Rossi, Giampiero"]
[WhiteElo "1672"]
[BlackElo "1878"]
[Result "0-1"]
[PlyCount "140"]
[EventDate "2014.03.05"]

1. d4 d5 2. Nf3 c6 3. g3 a6 4. Bg2 Bf5 5. Nbd2 Nf6 6. O-O e6 7. c4 Nbd7 8. b3
Be7 9. Bb2 O-O 10. Rc1 Qb6 11. a3 a5 12. Re1 Rfc8 13. c5 Qc7 14. Nh4 Bg6 15.
Bh1 Re8 16. f3 e5 17. e4 exd4 18. Bxd4 dxe4 19. fxe4 Ne5 20. Nc4 Nxc4 21. Rxc4
Rad8 22. Qa1 Rd7 23. Nf5 Bxf5 24. exf5 Red8 25. Be5 Qc8 26. b4 axb4 27. axb4
Qa8 28. Qc1 Qa4 29. Bf3 Ne8 30. Rce4 Bf6 31. Qf4 Bxe5 32. Rxe5 Nf6 33. h3 h6
34. Re7 Rd4 35. Qc7 Qxb4 36. Qxb7 Qxc5 37. Qxc6 Qxc6 38. Bxc6 Rd1 39. Bf3 Rxe1+
40. Rxe1 Re8 41. Rxe8+ Nxe8 42. Kf2 Kf8 43. g4 f6 44. h4 Ke7 45. Ke3 Kd6 46.
Kd4 Nc7 47. Be2 Nd5 48. Bf3 Ne7 49. Be4 Nc8 50. Bd5 Na7 51. Bc4 Nc6+ 52. Ke4
Ne5 53. Be2 Kc5 54. g5 hxg5 55. hxg5 Nf7 56. g6 Nd6+ 57. Kf4 Kd4 58. Ba6 Nc4
59. Bb5 Nb6 60. Bc6 Nd5+ 61. Kf3 Ke5 62. Bd7 Ne7 63. Kg4 Ng8 64. Be8 Nh6+ 65.
Kf3 Kxf5 66. Bf7 Kg5 67. Kg3 Nf5+ 68. Kf3 Nh4+ 69. Kg3 Nxg6 70. Kf2 Ne7 0-1

[Event "V Open B Carnevale"]
[Site "Milano ITA"]
[Date "2014.03.06"]
[Round "2"]
[White "Bianchi, Paolo"]
[Black "Verderame, Alberto"]
[WhiteElo "1691"]
[BlackElo "1495"]
[Result "1-0"]
[PlyCount "45"]
[EventDate "2014.03.05"]

1. Nf3 c6 2. d4 Nf6 3. g3 d6 4. Bg2 b5 5. O-O Qc7 6. Nbd2 Bb7 7. b3 e5 8. dxe5
dxe5 9. Bb2 Bd6 10. c4 b4 11. Ng5 O-O 12. Nge4 Nxe4 13. Nxe4 Be7 14. Qc2 f5 15.
Nd2 f4 16. Nf3 fxg3 17. hxg3 Nd7 18. Rad1 Bf6 19. Nh2 c5 20. Be4 Bxe4 21. Qxe4
a5 22. Qd5+ Kh8 23. Qxd7 1-0

[Event "V Open B Carnevale"]
[Site "Milano ITA"]
[Date "2014.03.06"]
[Round "2"]
[White "Carli, Federico"]
[Black "Reforgiato, Antonio"]
[WhiteElo "1559"]
[BlackElo "1640"]
[Result "0-1"]
[PlyCount "50"]
[EventDate "2014.03.05"]

1. e4 c5 2. c3 d6 3. d4 Nd7 4. Nf3 Ngf6 5. Bd3 e6 6. O-O Be7 7. Bg5 O-O 8. Nbd2
a6 9. a4 b6 10. Re1 Bb7 11. Qb1 h6 12. Bxf6 Bxf6 13. Nc4 Qc7 14. e5 dxe5 15.
Nfxe5 Nxe5 16. Nxe5 Rfd8 17. Ng4 cxd4 18. Nxf6+ gxf6 19. cxd4 Rxd4 20. Ra3 Rh4
21. h3 Qc6 22. f3 Qc5+ 23. Kh1 Rxh3+ 24. gxh3 Bxf3+ 25. Kh2 Qf2# 0-1

[Event "V Open B Carnevale"]
[Site "Milano ITA"]
[Date "2014.03.06"]
[Round "2"]
[White "Colica, Daniele"]
[Black "Olmo Fernandez, Angel"]
[WhiteElo "1726"]
[BlackElo "1587"]
[Result "0-1"]
[PlyCount "78"]
[EventDate "2014.03.05"]

1. Nf3 Nf6 2. b3 d5 3. Bb2 c5 4. e3 g6 5. Bb5+ Bd7 6. Qe2 Qb6 7. Bxd7+ Nbxd7 8.
O-O Bg7 9. c4 O-O 10. d4 e6 11. Nc3 cxd4 12. exd4 dxc4 13. bxc4 Rac8 14. Rac1
Qa6 15. Nd2 Nb6 16. Nb5 Nxc4 17. Nxa7 Qxa7 18. Nxc4 Nd5 19. Ne3 Nf4 20. Qb5
Bxd4 21. Bxd4 Qxd4 22. Rxc8 Rxc8 23. Qxb7 Rd8 24. h3 Qa4 25. Qb2 Ra8 26. Ng4
Nd5 27. Nh6+ Kf8 28. Qh8+ Ke7 29. Qxh7 Qf4 30. Ng4 Rxa2 31. Qh4+ g5 32. Qh6 Nc3
33. Kh1 Ne2 34. Ne3 Ra3 35. g3 Nxg3+ 36. fxg3 Qxe3 37. Qf6+ Kd6 38. Rd1+ Kc6
39. Qxf7 Qe4+ 0-1

[Event "V Open B Carnevale"]
[Site "Milano ITA"]
[Date "2014.03.06"]
[Round "2"]
[White "Frignani, Alessandro"]
[Black "Vigliaroli, Matteo Luigi"]
[WhiteElo "1410"]
[BlackElo "1625"]
[Result "0-1"]
[PlyCount "96"]
[EventDate "2014.03.05"]

1. e4 e6 2. d4 d5 3. e5 c5 4. c3 Nc6 5. f4 Qb6 6. Nf3 cxd4 7. Nxd4 Bc5 8. Nxc6
Bf2+ 9. Ke2 bxc6 10. Na3 Ba6+ 11. Kf3 Bxf1 12. Rxf1 Bc5 13. Nc2 Nh6 14. b4 Be7
15. Be3 Qc7 16. Nd4 a6 17. Qa4 O-O 18. Qxc6 Qd8 19. Rac1 Re8 20. a3 Bf8 21. g3
Qb8 22. Rc2 Rc8 23. Qa4 Qb7 24. Kf2 Rc4 25. Qb3 Rac8 26. Rfc1 Ng4+ 27. Kf3 Nxe3
28. Kxe3 Qb6 29. Kf3 Bc5 30. bxc5 Qxc5 31. Ke3 f6 32. Kd2 fxe5 33. fxe5 Qe7 34.
Rf1 Qe8 35. Rf3 Qh5 36. Re3 Qxh2+ 37. Kc1 Qg1+ 38. Kd2 Qf2+ 39. Re2 Qf5 40. Qb6
Re8 41. Qxa6 Qg6 42. Re3 Qh6 43. a4 Qg6 44. a5 Kh8 45. Qb6 Rec8 46. Qxe6 Rxd4+
47. cxd4 Rxc2+ 48. Kd1 Qxe6 0-1

[Event "V Open B Carnevale"]
[Site "Milano ITA"]
[Date "2014.03.06"]
[Round "2"]
[White "Invernizzi, Ferruccio"]
[Black "Greco, Giovanni"]
[WhiteElo "1653"]
[BlackElo "1425"]
[Result "1-0"]
[PlyCount "41"]
[EventDate "2014.03.05"]

1. e4 c5 2. Nf3 Nc6 3. d4 cxd4 4. Nxd4 Nf6 5. Nxc6 bxc6 6. Bd3 g6 7. Bg5 d6 8.
O-O Bg7 9. Qd2 O-O 10. f4 Qd7 11. Nc3 a5 12. Kh1 Ba6 13. Bxa6 Rxa6 14. Rad1 Qc8
15. e5 dxe5 16. fxe5 Ne8 17. Bxe7 Bxe5 18. Bxf8 Kxf8 19. Qh6+ Kg8 20. Qg5 Bd6
21. Ne4 1-0

[Event "V Open B Carnevale"]
[Site "Milano ITA"]
[Date "2014.03.06"]
[Round "2"]
[White "Lavorgna, Filippo"]
[Black "Baronio, Gaia"]
[WhiteElo "1735"]
[BlackElo "1607"]
[Result "0-1"]
[PlyCount "50"]
[EventDate "2014.03.05"]

1. Nf3 d5 2. c4 c6 3. g3 Nf6 4. Bg2 Bf5 5. O-O e6 6. b3 Bd6 7. d4 Nbd7 8. Nbd2
h6 9. Bb2 Bc7 10. Ba3 Nb8 11. Re1 Bd6 12. Bxd6 Qxd6 13. c5 Qc7 14. Nh4 Bh7 15.
e4 dxe4 16. Nxe4 Bxe4 17. Bxe4 Nxe4 18. Rxe4 O-O 19. g4 Nd7 20. Qf3 Nf6 21. Re5
Rfd8 22. Qf4 Nd7 23. g5 hxg5 24. Qxg5 f6 25. Qh5 fxe5 0-1

[Event "V Open B Carnevale"]
[Site "Milano ITA"]
[Date "2014.03.06"]
[Round "2"]
[White "Lavorgna, Francesco"]
[Black "Iacchetti, Giovanni"]
[WhiteElo "1591"]
[BlackElo "1744"]
[Result "1/2-1/2"]
[PlyCount "58"]
[EventDate "2014.03.05"]

1. Nf3 f5 2. g3 Nf6 3. Bg2 d6 4. d4 g6 5. O-O Bg7 6. c4 O-O 7. Nc3 c6 8. Qb3
Qb6 9. Qxb6 axb6 10. b3 Na6 11. Bb2 Nc7 12. Rfd1 Bd7 13. Na4 Ra6 14. c5 Ncd5
15. cxd6 exd6 16. Nc3 Rfa8 17. Nxd5 Nxd5 18. a3 h6 19. Nd2 Be6 20. e3 Nf6 21.
Bf1 b5 22. a4 Rb6 23. axb5 Rxa1 24. Rxa1 Ne4 25. Nxe4 fxe4 26. b4 cxb5 27. Ra5
Bc4 28. Bh3 Kf7 29. Bg2 Bd3 1/2-1/2

[Event "V Open B Carnevale"]
[Site "Milano ITA"]
[Date "2014.03.06"]
[Round "2"]
[White "Mazzoccoli, Simone"]
[Black "Poletto, Daniele"]
[WhiteElo "1752"]
[BlackElo "1758"]
[Result "1/2-1/2"]
[PlyCount "43"]
[EventDate "2014.03.05"]

1. e4 c5 2. Nc3 Nc6 3. g3 g6 4. Bg2 Bg7 5. d3 d6 6. Nge2 e5 7. O-O Nge7 8. Bg5
h6 9. Bd2 O-O 10. Qc1 Kh7 11. f4 f5 12. Kh1 Rb8 13. a4 a6 14. Rf2 Bd7 15. Qf1
Nd4 16. Nxd4 exd4 17. Nd5 Nxd5 18. exd5 b5 19. axb5 axb5 20. b3 b4 21. Re2 Re8
22. Bf3 1/2-1/2

[Event "V Open B Carnevale"]
[Site "Milano ITA"]
[Date "2014.03.06"]
[Round "2"]
[White "Pollio, Ciro"]
[Black "Vignati, Andrea"]
[WhiteElo "1758"]
[BlackElo "1513"]
[Result "1-0"]
[PlyCount "93"]
[EventDate "2014.03.05"]

1. d4 d5 2. c4 e6 3. Nc3 Nf6 4. Bg5 Be7 5. e3 O-O 6. cxd5 exd5 7. Bd3 Nc6 8.
Nge2 Re8 9. O-O Bg4 10. f3 Bh5 11. Nf4 Bg6 12. Bxg6 hxg6 13. Bxf6 Bxf6 14.
Nfxd5 Qd6 15. Nxf6+ Qxf6 16. Ne4 Qh4 17. Qb3 b6 18. Qc3 Ne7 19. Rfe1 Nd5 20.
Qb3 Qd8 21. Rac1 Nf6 22. Nxf6+ gxf6 23. Rc6 Kg7 24. Rec1 Rc8 25. Qa3 Qd7 26.
Qc3 Re7 27. d5 Re5 28. e4 Qe7 29. Rxc7 Rxc7 30. Qxc7 Qb4 31. Qc3 Qb5 32. Kf2
Re7 33. b3 Qa6 34. a4 b5 35. a5 Qb7 36. Qc8 a6 37. Qxb7 Rxb7 38. Rc6 Ra7 39.
Ke3 Kf8 40. Kd4 Ke7 41. Kc5 Kd7 42. Kb6 Ra8 43. Kb7 Rd8 44. Rxa6 Rc8 45. Rd6+
Kxd6 46. Kxc8 Kc5 47. d6 1-0

[Event "V Open B Carnevale"]
[Site "Milano ITA"]
[Date "2014.03.06"]
[Round "2"]
[White "Quagliarella, Sabino Remo"]
[Black "Nassiri, Shair"]
[WhiteElo "1863"]
[BlackElo "1512"]
[Result "1/2-1/2"]
[PlyCount "123"]
[EventDate "2014.03.05"]

1. d4 d5 2. c4 c6 3. Nf3 Nf6 4. Nc3 e6 5. Bg5 Bd6 6. e3 Nbd7 7. Rc1 Qa5 8. Bxf6
Nxf6 9. c5 Bb8 10. Bd3 b6 11. cxb6 axb6 12. O-O Ba6 13. a3 Bxd3 14. Qxd3 Qa6
15. Qc2 O-O 16. e4 Bf4 17. Rcd1 dxe4 18. Nxe4 Nd5 19. g3 Bh6 20. Neg5 Bxg5 21.
Nxg5 Nf6 22. Rd3 h6 23. Nf3 Rad8 24. Rc3 Rd5 25. Rxc6 Rh5 26. Rc1 Qb5 27. Rc8
g6 28. Rxf8+ Kxf8 29. Ne5 Rf5 30. Qc4 Qxb2 31. Qb4+ Qxb4 32. axb4 Ne4 33. Rc2
Kg7 34. f3 Nf6 35. Rc7 Nd5 36. Rb7 g5 37. b5 Nc3 38. Kf2 Nxb5 39. g4 Rf4 40.
Nc6 Nxd4 41. Nxd4 Rxd4 42. Rxb6 Rd2+ 43. Kg3 Kg6 44. h4 gxh4+ 45. Kxh4 Re2 46.
Kg3 h5 47. gxh5+ Kxh5 48. Kf4 f6 49. Rb1 Kg6 50. Rg1+ Kf7 51. Ra1 Rc2 52. Ra4
Kg6 53. Kg3 e5 54. Rg4+ Kf5 55. Ra4 Rd2 56. Rb4 Kg6 57. Rg4+ Kf7 58. Ra4 Rd3
59. Ra7+ Ke6 60. Kf2 Rb3 61. Ra4 Kd5 62. Rh4 1/2-1/2

[Event "V Open B Carnevale"]
[Site "Milano ITA"]
[Date "2014.03.06"]
[Round "2"]
[White "Rigotti, Gianluigi"]
[Black "Vittadini, Attilio"]
[WhiteElo "1587"]
[BlackElo "1838"]
[Result "1/2-1/2"]
[PlyCount "68"]
[EventDate "2014.03.05"]

1. e4 c5 2. g3 Nc6 3. Bg2 d6 4. Ne2 Nf6 5. O-O g6 6. c3 Bg7 7. d4 O-O 8. d5 Ne5
9. f4 Ned7 10. b3 Re8 11. Bb2 c4 12. Nd2 cxb3 13. axb3 Qb6+ 14. Nd4 Nc5 15. Nc4
Qd8 16. Re1 a6 17. b4 Ncd7 18. b5 Nb6 19. Nxb6 Qxb6 20. Qb3 e5 21. dxe6 Bxe6
22. Qb4 a5 23. Qa4 Rec8 24. Bf1 Nd7 25. Qd1 Bc4 26. Bxc4 Rxc4 27. Qb3 Rac8 28.
Ra4 Rxa4 29. Qxa4 Nc5 30. Qc4 Rc7 31. Kg2 Ne6 32. Qd3 Nc5 33. Qd1 Ne6 34. Nxe6
fxe6 1/2-1/2

[Event "V Open B Carnevale"]
[Site "Milano ITA"]
[Date "2014.03.06"]
[Round "2"]
[White "Vece, Luigi"]
[Black "Alidosi, Marco"]
[WhiteElo "1608"]
[BlackElo "1752"]
[Result "1-0"]
[PlyCount "137"]
[EventDate "2014.03.05"]

1. e4 c5 2. Nf3 Nc6 3. Bb5 Qb6 4. Nc3 a6 5. Ba4 e6 6. O-O g6 7. d3 Bg7 8. Bb3
Nge7 9. Be3 d6 10. Qd2 Bd7 11. Bh6 O-O 12. h4 Qd8 13. h5 Nd4 14. Nxd4 cxd4 15.
Ne2 Nc6 16. Bxg7 Kxg7 17. Ng3 Qh4 18. hxg6 hxg6 19. Rfe1 Rh8 20. c3 e5 21. Bd1
Rh7 22. Bf3 Rah8 23. Kf1 Bg4 24. Ke2 Bxf3+ 25. gxf3 dxc3 26. bxc3 Qf6 27. Qb2
Nd8 28. Rg1 Kf8 29. Qb6 Qe7 30. Rab1 f6 31. Rb4 Qc7 32. Rgb1 Rd7 33. Rc4 Qxb6
34. Rxb6 Rhh7 35. d4 Rhe7 36. Kd3 Ne6 37. Ne2 Kf7 38. Ke3 f5 39. d5 f4+ 40. Kd2
Nc5 41. Nc1 g5 42. Nb3 Nxb3+ 43. axb3 Kg6 44. Rc8 Kf7 45. c4 Re8 46. Rxe8 Kxe8
47. b4 Rc7 48. Rxd6 Rxc4 49. Rb6 Kd8 50. Rxb7 g4 51. Kd3 Rd4+ 52. Ke2 Kc8 53.
Rb6 Kd7 54. Rxa6 Rxb4 55. fxg4 Rxe4+ 56. Kf3 Rd4 57. Ra5 Ke7 58. g5 Kf7 59. Kg4
Kg6 60. Ra6+ Kg7 61. Rd6 Rd2 62. Kf5 Rxf2 63. Rd7+ Kf8 64. Kf6 Ke8 65. Re7+ Kd8
66. Rxe5 f3 67. g6 Re2 68. Rf5 Rd2 69. g7 1-0

[Event "V Open B Carnevale"]
[Site "Milano ITA"]
[Date "2014.03.07"]
[Round "3"]
[White "Alidosi, Marco"]
[Black "Casamassima, Paolo"]
[WhiteElo "1752"]
[BlackElo "1690"]
[Result "1-0"]
[PlyCount "55"]
[EventDate "2014.03.05"]

1. d4 Nf6 2. Nf3 g6 3. c3 Bg7 4. Bf4 O-O 5. Nbd2 d5 6. h3 Re8 7. e3 a6 8. a4
Nc6 9. Ne5 Nb8 10. Be2 Nbd7 11. g4 Nxe5 12. Bxe5 Nd7 13. Bxg7 Kxg7 14. f4 e6
15. g5 c5 16. Nf3 Qc7 17. Rc1 c4 18. h4 f6 19. h5 fxg5 20. fxg5 Qg3+ 21. Kd2 e5
22. Qf1 exd4 23. exd4 Qf4+ 24. Kd1 Qe3 25. hxg6 hxg6 26. Rc2 b5 27. Qh3 Nf8 28.
Qh8+ 1-0

[Event "V Open B Carnevale"]
[Site "Milano ITA"]
[Date "2014.03.07"]
[Round "3"]
[White "Aloe, Giancarlo"]
[Black "Mazzoccoli, Simone"]
[WhiteElo "1672"]
[BlackElo "1752"]
[Result "0-1"]
[PlyCount "58"]
[EventDate "2014.03.05"]

1. d4 Nf6 2. Nf3 g6 3. g3 Bg7 4. Bg2 d6 5. c4 O-O 6. O-O Nbd7 7. Nbd2 e5 8. e3
Re8 9. b3 c6 10. Ba3 e4 11. Ng5 d5 12. Rc1 Qa5 13. Bd6 h6 14. Nh3 Re6 15. cxd5
cxd5 16. Bc7 Qb4 17. Nf4 Re8 18. Qc2 b6 19. Qc6 Ba6 20. Rfd1 Qb5 21. Qd6 Bf8
22. Qc6 Qxc6 23. Rxc6 Bb5 24. Rc2 g5 25. a4 Ba6 26. Nh3 Rec8 27. Nb1 Ne8 28.
Rdc1 Bd3 29. Rc6 Bxb1 0-1

[Event "V Open B Carnevale"]
[Site "Milano ITA"]
[Date "2014.03.07"]
[Round "3"]
[White "Baronio, Gaia"]
[Black "Olmo Fernandez, Angel"]
[WhiteElo "1607"]
[BlackElo "1587"]
[Result "1-0"]
[PlyCount "79"]
[EventDate "2014.03.05"]

1. e4 c5 2. Nf3 d6 3. d4 cxd4 4. Nxd4 Nf6 5. Nc3 a6 6. g3 e5 7. Nf3 Be7 8. Bg2
b5 9. O-O Bb7 10. Nd2 Nbd7 11. Re1 Rc8 12. a3 Nb6 13. Qe2 O-O 14. Bh3 Rc6 15.
Nb3 Nc4 16. Nd2 Bc8 17. Bg2 Bg4 18. Bf3 Bh3 19. Bg2 Bxg2 20. Kxg2 Qc7 21. Nxc4
Rxc4 22. Qf3 h6 23. Bd2 Qb7 24. Kg1 Rfc8 25. Rac1 a5 26. Nd5 Nxd5 27. exd5 b4
28. axb4 Rxc2 29. Rxc2 Rxc2 30. Qd3 Rxb2 31. bxa5 Rb5 32. Ra1 Rxd5 33. a6 Qa8
34. Qe4 f5 35. Qf3 e4 36. Qb3 Kh7 37. a7 Rc5 38. Qb8 Rc8 39. Qxc8 Qxc8 40. a8=Q
1-0

[Event "V Open B Carnevale"]
[Site "Milano ITA"]
[Date "2014.03.07"]
[Round "3"]
[White "Bianchi, Paolo"]
[Black "Invernizzi, Ferruccio"]
[WhiteElo "1691"]
[BlackElo "1653"]
[Result "1-0"]
[PlyCount "59"]
[EventDate "2014.03.05"]

1. Nf3 d6 2. d4 Nf6 3. g3 g6 4. b3 Bg7 5. Bb2 O-O 6. Nbd2 c6 7. Bg2 Nbd7 8. c4
Re8 9. O-O e5 10. dxe5 dxe5 11. Ng5 e4 12. Qc2 e3 13. fxe3 Rxe3 14. Nde4 Nxe4
15. Nxf7 Qb6 16. Kh1 Nef6 17. Nd6 Re6 18. Rad1 Ng4 19. Bh3 Rxd6 20. Bxg4 Rxd1
21. Be6+ Kh8 22. Bxg7+ Kxg7 23. Qxd1 Nf6 24. Qd6 Bxe6 25. Qe7+ Kh6 26. Qxf6 Re8
27. Rf4 Qc5 28. Rh4+ Qh5 29. Rxh5+ Kxh5 30. Qh4# 1-0

[Event "V Open B Carnevale"]
[Site "Milano ITA"]
[Date "2014.03.07"]
[Round "3"]
[White "Cagnotto, Marco"]
[Black "Rigotti, Gianluigi"]
[WhiteElo "1553"]
[BlackElo "1587"]
[Result "0-1"]
[PlyCount "116"]
[EventDate "2014.03.05"]

1. e4 e5 2. Nf3 Nf6 3. Nxe5 Qe7 4. Nf3 Qxe4+ 5. Qe2 Bc5 6. Nc3 Qxe2+ 7. Bxe2
O-O 8. a3 a5 9. d4 Ba7 10. O-O d5 11. Bf4 c6 12. a4 Bg4 13. Be3 Bf5 14. Rac1
Nbd7 15. Rfd1 Bb8 16. h3 Bd6 17. Bd3 Ne4 18. Re1 Bb4 19. Kf1 Bg6 20. Bxe4 dxe4
21. Nh4 f5 22. Nxg6 hxg6 23. g3 Nf6 24. Re2 Bxc3 25. bxc3 Nd5 26. Bd2 b5 27.
Ra1 b4 28. c4 Nb6 29. c5 Nc4 30. Be3 Rab8 31. Rb1 Rb7 32. Rb3 Nxe3+ 33. fxe3
Rd7 34. h4 Kh7 35. Rb1 Kh6 36. Rd1 Rd5 37. Kg2 Rfd8 38. g4 Rxc5 39. g5+ Kh5 40.
Kg3 Rc3 41. Ra1 c5 42. Kf4 cxd4 43. Rd2 d3 44. Ra2 Rdc8 45. cxd3 Rxd3 46. Rac2
Rcc3 47. Rxc3 bxc3 48. Rc2 Rd2 49. Rxc3 Rf2+ 50. Kg3 Rf3+ 51. Kg2 Kxh4 52. Rc5
Kxg5 53. Rxa5 Rxe3 54. Ra8 Kg4 55. a5 Ra3 56. a6 f4 57. a7 Ra2+ 58. Kf1 e3 0-1

[Event "V Open B Carnevale"]
[Site "Milano ITA"]
[Date "2014.03.07"]
[Round "3"]
[White "Carbone, Lorenzo"]
[Black "Carli, Federico"]
[WhiteElo "1689"]
[BlackElo "1559"]
[Result "0-1"]
[PlyCount "78"]
[EventDate "2014.03.05"]

1. e4 e5 2. Nf3 Nc6 3. Bb5 a6 4. Ba4 Nf6 5. O-O Be7 6. Re1 d6 7. c3 b5 8. Bc2
Bg4 9. d4 exd4 10. cxd4 Bxf3 11. gxf3 O-O 12. Kh1 Re8 13. Rg1 Kh8 14. Be3 Qd7
15. Qf1 Na5 16. Qg2 g6 17. Nd2 c5 18. Rad1 Qc7 19. d5 Bf8 20. b3 Bg7 21. Nf1 c4
22. b4 Nb7 23. Ng3 a5 24. a3 axb4 25. axb4 Ra2 26. Rc1 Rb2 27. Nf5 Rxb4 28.
Nxg7 Kxg7 29. Bd4 c3 30. Be3 Rb2 31. Qg5 Qc4 32. Rg3 Ng8 33. Qg4 Nc5 34. h4 b4
35. Bxc5 Qxc5 36. h5 b3 37. hxg6 fxg6 38. Qf5 bxc2 39. Rcg1 Ne7 0-1